000 00814nam a2200253 a 4500
001 BRCA_3645
005 20190320204351.0
008 270809s1954----enka---###---#000-0#eng-#
041 _aeng
044 _aenk
050 4 _aND553
_b.S36 1954
100 1 _aSchmidt - Degener, Henri
_99448
245 1 0 _aThe French School
_bBased on the original work of H. Schmidt Degener
_cedited for English readers by William Gaunt.
260 _aLondon
_bEnglish Universities Press
_c1954
300 _a52 p.
_bil. (algunas a color).
_c25 cm.
440 0 _aThe teach yourself history of painting
_v7
_99449
500 _aIncluye lista de ilustraciones
500 _aB315
650 1 4 _aPintura francesa
_95229
650 1 4 _aPintores franceses
_97726
700 1 _aGaunt, William
_eed
_99450
902 _aGFM
942 _2lcc
_cB
999 _c3380
_d3380